Štátne kúpele Piešťany Kolonádový most

Bibliographic Details
Format: Postcard
Language:Slovak
PhysicalDescription:1 pohľadnica čiernobiela 11 x 15 cm
Published: [Bratislava] SVPL 1959
Subjects:

MARC

LEADER 00000nkm a2200000 a 4500
001 vtls011578550
003 SK-MaSNL
005 20260512125732.0
007 kp bo
008 231206s1959 xo g kuslo
015 |a SNBG 
040 |a SNK  |b slo  |c SNK  |e AACR2 
041 0 |a slo 
043 |a e-xo--- 
044 |a xo  |c SK 
080 |a 711.435(437.6)  |2 2011 
080 |a 913(437.6)  |2 2011 
080 |a 725.95  |2 2011 
080 |a (437.6)  |2 2011 
080 |a (084.121)  |2 2011 
245 0 0 |a Štátne kúpele Piešťany  |h grafika  |b Kolonádový most 
260 |a [Bratislava]  |b SVPL  |c 1959 
300 |a 1 pohľadnica  |b čiernobiela  |c 11 x 15 cm 
650 0 7 |a mosty  |2 SNKPH  |9 3015 
651 7 |a Kolonádový most (Piešťany, Slovensko)  |2 SNKPH  |9 147465 
651 7 |a Piešťany (Slovensko)  |2 SNKPH  |9 23981 
655 7 |a miestne pohľadnice  |2 SNKPH  |9 70510 
958 |a GC 
958 |a GBN 
999 |c 1104419  |d 1106349 
952 |a SNK  |b SNK  |y PREZ  |7 0  |p 17A1209081  |o snkSP 31313 D1  |0 0  |1 0  |4 0  |d 2016-09-08  |l 0  |r 2026-02-24 17:41:33  |w 2026-02-24 
952 |a SNK  |b SNK  |y PREZ  |7 0  |p 17A1212187  |o snkSP 31313  |0 0  |1 0  |4 0  |d 2016-09-29  |f 1  |l 0  |r 2026-02-24 17:41:33  |w 2026-02-24